مغني اللبيب عن كتب الأعاريب / (رقم التسجيلة. 1736)
[ عرض عادي ]
| 000 -الفاتح | |
|---|---|
| حقل البيانات ثابتة الطول | 01072cam a2200253a 44500 |
| 003 - محدد رقم الضبط | |
| رقم الضبط | OSt |
| 005 - وقت وتاريخ اخر تعامل مع التسجيلة | |
| رقم الضبط | 20150408113731.0 |
| 008 - عناصر البيانات ثابتة الطول - معلومات عامة | |
| حقل البيانات ثابتة الطول | 030315s1979 le g 00000 ara dd |
| 040 ## - مصدر الفهرسة | |
| وكالة الفهرسة الأصلية | SA-RiAUC |
| لغة الفهرسة | ara |
| وكالة النسخ | SA-RiAUC |
| 041 ## - رمز اللغة | |
| رمز لغة النص/ المسارات الصوتية أو العنوان الانفرادي | عربي |
| 072 ## - رمز الفئه الموضوعية | |
| رمز فئه الموضوع | 045 |
| مجموعة رمز فئه الموضوع | اللغة العربية |
| 082 04 - رقم تصنيف ديوى العشرى | |
| رقم التصنيف | 415.1 |
| 092 ## - رقم استدعاء ديوى المحلى | |
| رقم التصنيف | 415.1 |
| رقم المادة | هـ ج م |
| 100 1# - المدخل الرئيسى - إسم شخصى | |
| الإسم الشخصى | ابن هشام، عبد الله بن يوسف بن أحمد، |
| التواريخ المصاحبة للاسم | 708-761 هـ. |
| 9 (RLIN) | 1132 |
| 245 10 - بيان العنوان | |
| العنوان | مغني اللبيب عن كتب الأعاريب / |
| بيان المسئوليه,etc | لجمال الدين بن هشام الأنصاري ؛ حققه وعلق عليه مازن المبارك، محمد علي حمد الله ؛ راجعه سعيد الأفغاني. |
| 250 ## - بيان الطبعة | |
| بيان الطبعة | ط. 5. |
| 260 ## - PUBLICATION, DISTRIBUTION, ETC. (IMPRINT) | |
| مكان الناشر او الموزع | بيروت |
| اسم الناشر او الموزع | دار الفكر، |
| تاريخ النشر أو التوزيع | 1399 = 1979 |
| 300 ## - الوصف المادى | |
| التعداد | 1013 ص. ؛ |
| أبعاد الوعاء | 24 سم. 7 |
| 650 ## - المدخل الاضافى بالموضوع-مصطلح موضوعى | |
| مصطلح موضوعي أو اسم جغرافي كعنصر مدخل | اللغة العربية |
| التقسيم الفرعي العام | النحو |
| مصدر الرأس أو المصطلح | aucsh.1 |
| 700 ## - المدخل الاضافى - اسم شخصى | |
| الإسم الشخصى | المبارك، مازن |
| الدور | محقق.1 |
| 9 (RLIN) | 1143 |
| 700 ## - المدخل الاضافى - اسم شخصى | |
| الإسم الشخصى | حمد الله، محمد علي |
| الدور | محقق.1 |
| 9 (RLIN) | 1144 |
| 700 ## - المدخل الاضافى - اسم شخصى | |
| الإسم الشخصى | الأفغاني، سعيد |
| الدور | مراجع.\\ |
| 9 (RLIN) | 1145 |
| 942 ## - عناصر المدخل الإضافي( كوها) | |
| مصدر التصنيف او مخطط الترفيف | Dewey Decimal Classification |
| Koha [default] item type | كتاب |
| حالة الفقد | نموذج السعر الفعال | حالة تلف | ليس للاعارة | رقم الطلب | تاريخ الاكتساب | الموقع الحالي | الباركود | الفرع الرئيسي | Date last seen | نوع المادة فى نظام كوها | مصدر التصنيف او خطة الترفيف | Total Checkouts | Date last checked out |
|---|---|---|---|---|---|---|---|---|---|---|---|---|---|
| 2013-03-10 | 415.1 هـ ج م | 2011-07-20 | مكتبة مجمع الطالبات بالمجمعة (EMF) | 00022817 | مكتبة مجمع الطالبات بالمجمعة (EMF) | 2013-03-10 | مراجع | Dewey Decimal Classification | |||||
| 2013-03-10 | 415.1 ج2 هـ ج م | 2011-08-15 | مكتبة مجمع الطالبات بالمجمعة (EMF) | 00022903 | مكتبة مجمع الطالبات بالمجمعة (EMF) | 2013-03-10 | كتاب | Dewey Decimal Classification | |||||
| 2013-03-10 | 415.1 ج2 هـ ج م | 2011-08-15 | مكتبة مجمع الطالبات بالمجمعة (EMF) | 00022916 | مكتبة مجمع الطالبات بالمجمعة (EMF) | 2016-05-30 | كتاب | Dewey Decimal Classification | 1 | 2015-11-04 | |||
| 2013-03-10 | 415.1 ج1 هـ ج م | 2011-09-04 | مكتبة مجمع الطالبات بالمجمعة (EMF) | 00021453 | مكتبة مجمع الطالبات بالمجمعة (EMF) | 2013-03-10 | كتاب | Dewey Decimal Classification | |||||
| 2013-03-10 | 415.1 ج2 هـ ج م | 2011-09-04 | مكتبة مجمع الطالبات بالمجمعة (EMF) | 00021452 | مكتبة مجمع الطالبات بالمجمعة (EMF) | 2015-11-04 | كتاب | Dewey Decimal Classification | 1 | 2015-10-26 | |||
| 2013-03-10 | 415.1ج2 ه ج م | 2011-09-07 | مكتبة مجمع الطالبات بالمجمعة (EMF) | 00024731 | مكتبة مجمع الطالبات بالمجمعة (EMF) | 2013-03-10 | كتاب | Dewey Decimal Classification |
